000 010460am a2200301 004500
003 EG-GiCUC
008 080403s2006 ua a g 000 1 ara d
017 _a2001 / 18753
_bمصر.دار الكتب
020 _a9772706466
040 _aEG-GiCUC
_bara
_cEG-GiCUC
041 1 _aara
_hfre
092 0 4 _a843
_bF823 2006
_221
099 _a04
_a843 F823 2006
100 1 _aفرانس : اناتول
245 1 2 _aالالهة عطشى /
_cاناتول فرانس ؛ ترجمة مصطفى كامل خليفة
250 _aط2
260 _aالقاهرة :
_bالدار المصرية اللبنانية :
_c2006
300 _a363ص :
_bايض ؛
_c22سم
440 0 _aروايات جائزة نوبل ؛
_v16
500 _aحازالمؤلف على جائزة نوبل فى الاداب عام 1939
650 7 _aالقصص الفرنسية
_2qrmak
700 1 _aخليفة : مصطفى كامل
902 _a1
905 _aاميرة
_eمدخل
905 _aجيهان
_eمراجع
942 _2ddc
_cBK
999 _c98559
_d98559